[Event "TCh-FRA Top 12 2019"]
[Site "Brest FRA"]
[Date "2019.05.20"]
[Round "3.2"]
[Board "5"]
[White "Bailet, Pierre"]
[Black "Lefebvre, Herve"]
[Result "1-0"]
[WhiteTitle "IM"]
[BlackTitle "FM"]
[WhiteElo "2466"]
[BlackElo "2291"]
[WhiteTeam "Vandoeuvre-Echecs"]
[BlackTeam "Gonfreville l'Orcher"]
[WhiteFideId "655830"]
[BlackFideId "607363"]
[EventDate "2019.05.18"]

1. e4 c5 2. Nf3 d6 3. d4 cxd4 4. Nxd4 Nf6 5. Nc3 a6 6. h3 e5 7. Nde2 h5 8. Nd5
Nxd5 9. Qxd5 Nd7 10. Nc3 Nf6 11. Qd3 Be6 12. Bg5 Rc8 13. Be2 Be7 14. O-O O-O 15.
Rfd1 Qb6 16. Rab1 g6 17. Qg3 Kg7 18. Rd3 Rh8 19. Qh4 Qd8 20. Rbd1 Rc6 21. Qg3 h4
22. Qe3 Nh5 23. Bxe7 Qxe7 24. Bxh5 Rxh5 25. Qd2 Qg5 26. Qxg5 Rxg5 27. Kh2 Rb6
28. b3 Rc6 29. R1d2 Kf8 30. Nd5 Bxd5 31. Rxd5 Ke7 32. c4 f5 33. c5 Rxc5 34. Rxd6
Rc7 35. exf5 gxf5 36. Rh6 Rg7 37. Rd5 Rc2 38. Rxe5+ Kd7 39. Rxf5 Rxa2 40. Rxh4
b5 41. Rhf4 Kd6 42. h4 Ra3 43. b4 Rc7 44. h5 1-0

[Event "TCh-FRA Top 12 2019"]
[Site "Brest FRA"]
[Date "2019.05.20"]
[Round "3.2"]
[Board "6"]
[White "Charmeteau, Sven"]
[Black "Nezar, Mustapha"]
[Result "1/2-1/2"]
[WhiteTitle "FM"]
[BlackTitle "IM"]
[WhiteElo "2292"]
[BlackElo "2339"]
[WhiteTeam "Gonfreville l'Orcher"]
[BlackTeam "Vandoeuvre-Echecs"]
[WhiteFideId "638285"]
[BlackFideId "608637"]
[EventDate "2019.05.18"]

1. e4 c5 2. Nf3 e6 3. d4 cxd4 4. Nxd4 a6 5. Bd3 Nc6 6. Nxc6 dxc6 7. O-O e5 8. a4
Nf6 9. Nd2 Bc5 10. Nc4 Qe7 11. Bg5 h6 12. Bh4 O-O 13. Kh1 Qe6 14. Qe2 b5 15. Ne3
Rb8 16. Bg3 Bxe3 17. Qxe3 Nh5 18. Qc5 Nxg3+ 19. hxg3 Rd8 20. Rfd1 Qd6 21. Qc3
Bb7 22. Be2 Qe7 23. Qa5 Rbc8 24. Bg4 Rc7 25. Rxd8+ Qxd8 26. c4 bxc4 27. Qxe5 Re7
28. Qf4 Qe8 29. Bf3 c5 30. Re1 Re5 31. Kg1 Qe6 32. g4 Bc6 33. a5 Qe7 1/2-1/2

[Event "TCh-FRA Top 12 2019"]
[Site "Brest FRA"]
[Date "2019.05.20"]
[Round "3.2"]
[Board "7"]
[White "Philippe, Christophe"]
[Black "Vaugeois, Cyrille"]
[Result "1-0"]
[WhiteTitle "IM"]
[WhiteElo "2378"]
[BlackElo "2146"]
[WhiteTeam "Vandoeuvre-Echecs"]
[BlackTeam "Gonfreville l'Orcher"]
[WhiteFideId "610038"]
[BlackFideId "607355"]
[EventDate "2019.05.18"]

1. e4 g6 2. d4 Bg7 3. Nc3 d6 4. Be3 a6 5. Qd2 b5 6. Bd3 Nd7 7. a4 b4 8. Nce2 c5
9. c3 bxc3 10. bxc3 Qa5 11. Nf3 Ngf6 12. O-O Bb7 13. d5 O-O 14. Bh6 Rfb8 15.
Bxg7 Kxg7 16. Ng3 Bc8 17. Rfc1 Ra7 18. h4 h6 19. h5 Ng4 20. hxg6 fxg6 21. Nh4
Nde5 22. Be2 Rab7 23. f4 Rb2 24. Rc2 Rxc2 25. Qxc2 Ne3 26. Qc1 N5g4 27. f5 Rb3
28. Bxg4 Rxc3 29. Qb2 Nc4 30. Qf2 1-0

[Event "TCh-FRA Top 12 2019"]
[Site "Brest FRA"]
[Date "2019.05.20"]
[Round "3.2"]
[Board "8"]
[White "Fruteau, Sabine"]
[Black "Thomas, Anysia"]
[Result "0-1"]
[WhiteTitle "WFM"]
[BlackTitle "WFM"]
[WhiteElo "2015"]
[BlackElo "2178"]
[WhiteTeam "Gonfreville l'Orcher"]
[BlackTeam "Vandoeuvre-Echecs"]
[WhiteFideId "601942"]
[BlackFideId "670472"]
[EventDate "2019.05.18"]

1. e4 c5 2. Nf3 g6 3. d4 cxd4 4. Qxd4 Nf6 5. c4 Nc6 6. Qd3 Bg7 7. Nc3 O-O 8. Be2
d6 9. O-O Bg4 10. Rb1 Nd7 11. h3 Nde5 12. Nxe5 Nxe5 13. Qd1 Bxe2 14. Qxe2 Rc8
15. b3 Nxc4 16. bxc4 Bxc3 17. Rxb7 Rc7 18. Rb3 Bg7 19. Be3 Qc8 20. Ra3 Qe6 21.
Rxa7 Rxa7 22. Bxa7 Ra8 23. Bb6 d5 24. c5 dxe4 25. a4 Rxa4 26. Qb5 Rc4 27. Re1
Be5 28. Rd1 Kg7 29. g3 e3 30. c6 e2 31. Re1 Bc3 32. Ba5 Bxe1 33. Bxe1 Rxc6 0-1

[Event "TCh-FRA Top 12 2019"]
[Site "Brest FRA"]
[Date "2019.05.20"]
[Round "3.3"]
[Board "1"]
[White "Malakhov, Vladimir"]
[Black "Wagner, Dennis"]
[Result "1/2-1/2"]
[WhiteTitle "GM"]
[BlackTitle "GM"]
[WhiteElo "2660"]
[BlackElo "2578"]
[WhiteTeam "Club d'Echecs Metz Fischer"]
[BlackTeam "Nice Alekhine"]
[WhiteFideId "4120787"]
[BlackFideId "24650684"]
[EventDate "2019.05.18"]

1. e4 e5 2. Nf3 Nc6 3. Bb5 a6 4. Ba4 Nf6 5. d3 b5 6. Bb3 Bc5 7. Nc3 d6 8. Nd5 h6
9. c3 Be6 10. a4 Bxd5 11. exd5 Ne7 12. d4 exd4 13. Nxd4 O-O 14. O-O Qd7 15. Qd3
Rfe8 16. axb5 Bxd4 17. Qxd4 axb5 18. Rxa8 Rxa8 19. Qd3 Ra1 20. h3 Ng6 21. Rd1
Ne5 22. Qe2 Qf5 23. Bc2 Qd7 24. Bb3 Qf5 25. Bc2 Qd7 26. Bb3 1/2-1/2

[Event "TCh-FRA Top 12 2019"]
[Site "Brest FRA"]
[Date "2019.05.20"]
[Round "3.3"]
[Board "2"]
[White "Eljanov, Pavel"]
[Black "Safarli, Eltaj"]
[Result "1/2-1/2"]
[WhiteTitle "GM"]
[BlackTitle "GM"]
[WhiteElo "2661"]
[BlackElo "2624"]
[WhiteTeam "Nice Alekhine"]
[BlackTeam "Club d'Echecs Metz Fischer"]
[WhiteFideId "14102951"]
[BlackFideId "13402129"]
[EventDate "2019.05.18"]

1. d4 Nf6 2. c4 g6 3. g3 c6 4. Bg2 d5 5. Qa4 Bg7 6. cxd5 O-O 7. dxc6 Nxc6 8. Nf3
Nd5 9. Nc3 Nb6 10. Qd1 Nxd4 11. Nxd4 Qxd4 12. O-O Be6 13. Qxd4 Bxd4 14. Nb5 Be5
15. Bxb7 Rab8 16. Bf3 Nc4 17. Nxa7 Bxb2 18. Bxb2 Rxb2 19. Nc6 Nd2 20. Rfe1 Nxf3+
21. exf3 Bxa2 22. Nxe7+ Kg7 23. Kg2 Rd8 24. Rad1 Rdd2 25. Rxd2 Rxd2 26. Nc6 Bd5
27. Nb4 h5 28. Re5 Be6 29. h4 Rd4 30. Nc2 Rd2 31. Ne3 Rd4 32. Re4 Rd3 33. Rf4
Bd5 34. Kh3 f5 35. Kg2 Kh6 36. Nc2 Rc3 37. Ne3 Rd3 38. Ra4 Bb7 39. Rb4 Bc6 40.
Rc4 Bb7 41. Rc7 Rb3 42. Rd7 Ba8 43. Rd6 Kh7 44. Rd4 Bb7 45. Rf4 Rc3 46. Rb4 Bc6
47. Rc4 Rxc4 48. Nxc4 Kg7 49. Ne5 Bd5 50. Kf1 Kf6 51. f4 Bb3 52. Ke2 Bd5 53. Kd3
Bb3 54. Kd4 Ba4 55. Kd5 Bb3+ 56. Kd6 Ba4 57. Nd7+ Kf7 58. Nc5 Bb5 59. Ke5 Ke7
60. Ne6 Ba4 61. Nd4 Kf7 62. Kd6 Kf6 63. Ne2 Bd1 64. Nc3 Bb3 65. Kd7 Kf7 66. Kd8
Bc2 67. Nb5 Ba4 68. Nd6+ Kf6 69. Nc4 Bb5 70. Ne5 Ba4 1/2-1/2

[Event "TCh-FRA Top 12 2019"]
[Site "Brest FRA"]
[Date "2019.05.20"]
[Round "3.3"]
[Board "3"]
[White "Fedorchuk, Sergey A."]
[Black "Gharamian, Tigran"]
[Result "1-0"]
[WhiteTitle "GM"]
[BlackTitle "GM"]
[WhiteElo "2620"]
[BlackElo "2602"]
[WhiteTeam "Club d'Echecs Metz Fischer"]
[BlackTeam "Nice Alekhine"]
[WhiteFideId "14102536"]
[BlackFideId "13301527"]
[EventDate "2019.05.18"]

1. e4 c6 2. d4 d5 3. Nd2 dxe4 4. Nxe4 Nf6 5. Nxf6+ exf6 6. c3 Bd6 7. Bd3 O-O 8.
Ne2 Re8 9. Be3 Nd7 10. Qd2 Nf8 11. O-O Qc7 12. Kh1 Ng6 13. Rae1 Be6 14. Qc2 Qa5
15. c4 Rad8 16. Ng3 Bb8 17. b3 Kh8 18. Bd2 Qb6 19. Bc3 Qc7 20. Re3 Nf4 21. Bxh7
g6 22. Bxg6 fxg6 23. d5 cxd5 24. Bxf6+ Kh7 25. Bxd8 Rxd8 26. Rfe1 Qf7 27. cxd5
Rxd5 28. f3 Bd6 29. Rd1 Rxd1+ 30. Qxd1 Bd5 31. Ne4 Be7 32. Qd4 a6 33. Qe5 Bc6
34. Ng5+ Bxg5 35. Qxg5 Nd5 36. Re4 Kg7 37. h4 Nf6 38. Re5 Nh7 39. Qd8 Qf6 40.
Re7+ 1-0

[Event "TCh-FRA Top 12 2019"]
[Site "Brest FRA"]
[Date "2019.05.20"]
[Round "3.3"]
[Board "4"]
[White "Bauer, Christian"]
[Black "Feller, Sebastien"]
[Result "0-1"]
[WhiteTitle "GM"]
[BlackTitle "GM"]
[WhiteElo "2643"]
[BlackElo "2587"]
[WhiteTeam "Nice Alekhine"]
[BlackTeam "Club d'Echecs Metz Fischer"]
[WhiteFideId "603767"]
[BlackFideId "634654"]
[EventDate "2019.05.18"]

1. e4 c5 2. Nf3 e6 3. d4 cxd4 4. Nxd4 Nf6 5. Nc3 Nc6 6. Nxc6 bxc6 7. e5 Nd5 8.
Ne4 Qc7 9. f4 Qb6 10. c4 Bb4+ 11. Ke2 f5 12. Nf2 Qa6 13. Kf3 Nc7 14. Qc2 Be7 15.
Nd3 c5 16. Kf2 Bb7 17. Be3 Be4 18. Qc3 Qc6 19. Kg1 O-O 20. h4 Rad8 21. Rd1 Bxd3
22. Rxd3 d5 23. exd6 Rxd6 24. Rxd6 Qxd6 25. Qe5 Qxe5 26. fxe5 Rb8 27. Bc1 Na6
28. Rh3 Nb4 29. Ra3 Rb7 30. g3 Bd8 31. Rb3 Bb6 32. a3 Nc2 33. Rd3 Nd4 34. Bf4 a5
35. Bg2 Rb8 36. Kf1 Bc7 37. Rd2 a4 38. Kg1 Ba5 39. Rf2 Be1 40. Rf1 Ba5 41. Bg5
Rxb2 42. Be7 Bb6 43. Bd6 h5 44. Kh2 Kf7 45. Rd1 Rb3 46. Rd2 Rb1 47. Rd3 Rc1 48.
Rd2 Rxc4 49. Rb2 Nb3 50. Bc6 Ba5 51. Bxa4 Rxa4 52. Rxb3 c4 53. Rb7+ Kg8 54. Rb8+
Kh7 55. Rc8 c3 56. Be7 Re4 57. Rc5 Re2+ 58. Kh1 f4 59. Bg5 f3 0-1

[Event "TCh-FRA Top 12 2019"]
[Site "Brest FRA"]
[Date "2019.05.20"]
[Round "3.3"]
[Board "5"]
[White "Postny, Evgeny"]
[Black "Rambaldi, Francesco"]
[Result "1/2-1/2"]
[WhiteTitle "GM"]
[BlackTitle "GM"]
[WhiteElo "2603"]
[BlackElo "2558"]
[WhiteTeam "Club d'Echecs Metz Fischer"]
[BlackTeam "Nice Alekhine"]
[WhiteFideId "2804344"]
[BlackFideId "20657307"]
[EventDate "2019.05.18"]

1. d4 g6 2. c4 Bg7 3. e4 e6 4. Nc3 Ne7 5. Nf3 d5 6. e5 h6 7. Be2 Nbc6 8. O-O O-O
9. Re1 dxc4 10. Bxc4 b6 11. Be3 Bb7 12. Qe2 Nb4 13. Rad1 Nbd5 14. Bc1 Nxc3 15.
bxc3 c5 16. dxc5 Qc7 17. Ba6 bxc5 18. Bxb7 Qxb7 19. Nd2 Nd5 20. Ne4 c4 21. Ba3
Rfd8 22. Bd6 Qa6 23. g3 Qa5 24. Qxc4 Rdc8 25. Qb3 Nxc3 26. Nxc3 Qxc3 27. Qb7 Bf8
28. Bxf8 Rxf8 29. Re3 Qc2 30. Qb3 Qc5 31. Qc3 Qxc3 32. Rxc3 Rfd8 33. Rdc1 Rd5
34. Rc5 1/2-1/2

[Event "TCh-FRA Top 12 2019"]
[Site "Brest FRA"]
[Date "2019.05.20"]
[Round "3.3"]
[Board "6"]
[White "Lagarde, Maxime"]
[Black "Koch, Jean-Rene"]
[Result "1-0"]
[WhiteTitle "GM"]
[BlackTitle "IM"]
[WhiteElo "2600"]
[BlackElo "2465"]
[WhiteTeam "Nice Alekhine"]
[BlackTeam "Club d'Echecs Metz Fischer"]
[WhiteFideId "662399"]
[BlackFideId "600148"]
[EventDate "2019.05.18"]

1. c4 e5 2. Nc3 Nc6 3. Nf3 Nf6 4. e3 Bb4 5. Qc2 Bxc3 6. Qxc3 Qe7 7. a3 d5 8.
cxd5 Nxd5 9. Qb3 Nb6 10. d3 O-O 11. Be2 a5 12. Bd2 a4 13. Qc2 Be6 14. Rc1 f6 15.
O-O Rfc8 16. h3 Bb3 17. Qb1 Rd8 18. e4 Nc8 19. Be3 Nd4 20. Bxd4 exd4 21. Nd2 Bf7
22. Qc2 c6 23. f4 Nb6 24. Bg4 Ra5 25. Rce1 Rc5 26. Qb1 Rb5 27. Rf2 Nd7 28. e5
fxe5 29. Nf3 Qd6 30. Bxd7 Qxd7 31. Nxe5 Qf5 32. Qd1 Bb3 33. Qf3 Rc5 34. Qg3 Rc2
35. Ng4 Kf8 36. Re5 Qd7 37. f5 Rxf2 38. Qxf2 h5 39. Nh2 Re8 40. Nf3 Rxe5 41.
Nxe5 Qd6 42. Ng6+ Kf7 43. Qh4 Bd1 44. Kf2 Ke8 45. Qe4+ Kd8 46. Nf4 Kc8 47. Ne6
c5 48. Nxg7 Kb8 49. Ne8 Qb6 50. f6 Qxb2+ 51. Kg3 Bb3 52. Qe5+ Ka8 53. Nc7+ Ka7
54. Qxc5+ b6 55. Qc6 h4+ 56. Kh2 Kb8 57. Nb5 Qc2 58. Qxc2 Bxc2 59. f7 1-0

[Event "TCh-FRA Top 12 2019"]
[Site "Brest FRA"]
[Date "2019.05.20"]
[Round "3.3"]
[Board "7"]
[White "Terrieux, Kevin"]
[Black "Flear, Glenn C"]
[Result "1/2-1/2"]
[WhiteTitle "IM"]
[BlackTitle "GM"]
[WhiteElo "2455"]
[BlackElo "2445"]
[WhiteTeam "Club d'Echecs Metz Fischer"]
[BlackTeam "Nice Alekhine"]
[WhiteFideId "622591"]
[BlackFideId "400165"]
[EventDate "2019.05.18"]

1. e4 e5 2. Nf3 Nc6 3. Bb5 a6 4. Ba4 Nf6 5. O-O Be7 6. Re1 b5 7. Bb3 d6 8. c3
O-O 9. d4 Bg4 10. Be3 exd4 11. cxd4 d5 12. e5 Ne4 13. h3 Bh5 14. Nbd2 Nxd2 15.
Qxd2 Bxf3 16. Qc3 Qe8 17. Rec1 Nd8 18. gxf3 c6 19. a4 b4 20. Qd3 f5 21. Kh2 a5
22. f4 Kh8 1/2-1/2

[Event "TCh-FRA Top 12 2019"]
[Site "Brest FRA"]
[Date "2019.05.20"]
[Round "3.3"]
[Board "8"]
[White "De Seroux, Camille"]
[Black "Monpeurt, Cyrielle"]
[Result "0-1"]
[WhiteTitle "WFM"]
[BlackTitle "WFM"]
[WhiteElo "2143"]
[BlackElo "2166"]
[WhiteTeam "Nice Alekhine"]
[BlackTeam "Club d'Echecs Metz Fischer"]
[WhiteFideId "1305620"]
[BlackFideId "677400"]
[EventDate "2019.05.18"]

1. e4 e6 2. d4 c5 3. Nf3 cxd4 4. Nxd4 Nc6 5. Nc3 Nf6 6. Nxc6 bxc6 7. Bd3 d5 8.
O-O Be7 9. Qe2 Bb7 10. b3 Qc7 11. Bb2 d4 12. Nb1 c5 13. Nd2 Bd6 14. h3 Nd7 15.
Qg4 h5 16. Qe2 Kf8 17. c3 dxc3 18. Bxc3 Ne5 19. Nc4 Nxd3 20. Qxd3 Bh2+ 21. Kh1
Bf4 22. Rad1 Ba6 23. Bb2 Rh6 24. Ba3 Kg8 25. Qd7 Rc8 26. Rfe1 Bxc4 27. bxc4 Be5
28. Qxc7 Rxc7 29. Rd8+ Kh7 30. Rb1 Bd4 31. f3 e5 32. Rb3 Ra6 33. g3 Ra4 34. f4
exf4 35. gxf4 Rxc4 36. Rbb8 Kg6 37. Rd6+ f6 38. e5 Kf5 39. e6 Re7 40. Ra8 Rxe6
41. Rxe6 Kxe6 42. Rxa7 g6 43. Rb7 Ra4 44. Bb2 Rxa2 45. Rb6+ Kf5 46. Bxd4 cxd4
47. Rd6 Ke4 48. Rxf6 d3 49. Re6+ Kf3 0-1

[Event "TCh-FRA Top 12 2019"]
[Site "Brest FRA"]
[Date "2019.05.20"]
[Round "3.4"]
[Board "1"]
[White "Bacrot, Etienne"]
[Black "Villegas, Pierre"]
[Result "1/2-1/2"]
[WhiteTitle "GM"]
[BlackTitle "IM"]
[WhiteElo "2678"]
[BlackElo "2354"]
[WhiteTeam "Bischwiller"]
[BlackTeam "C.E.M.C. Monaco"]
[WhiteFideId "605506"]
[BlackFideId "654183"]
[EventDate "2019.05.18"]

1. e4 c6 2. d4 d5 3. Nd2 dxe4 4. Nxe4 Nf6 5. Nxf6+ exf6 6. c3 Bd6 7. Bd3 O-O 8.
Ne2 Re8 9. Qc2 h5 10. O-O h4 11. Bf4 Na6 12. Rfe1 Nc7 13. Qd2 Ne6 14. Bxd6 Qxd6
15. Bc2 Bd7 16. f4 Nc5 17. Nc1 h3 18. Nb3 1/2-1/2

[Event "TCh-FRA Top 12 2019"]
[Site "Brest FRA"]
[Date "2019.05.20"]
[Round "3.4"]
[Board "2"]
[White "Cornette, Deimante"]
[Black "Rodshtein, Maxim"]
[Result "1/2-1/2"]
[WhiteTitle "IM"]
[BlackTitle "GM"]
[WhiteElo "2433"]
[BlackElo "2699"]
[WhiteTeam "C.E.M.C. Monaco"]
[BlackTeam "Bischwiller"]
[WhiteFideId "12802859"]
[BlackFideId "2806851"]
[EventDate "2019.05.18"]

1. e4 c6 2. d4 d5 3. e5 Bf5 4. h4 h5 5. Bd3 Bxd3 6. Qxd3 e6 7. Bg5 Be7 8. Nf3
Nh6 9. c4 Nf5 10. Nc3 dxc4 11. Qxc4 Nd7 12. Rd1 Nb6 13. Qb3 O-O 14. g3 Nd5 15.
Bxe7 Qxe7 16. O-O Rfd8 17. Ne4 Qb4 18. Qc2 Nb6 19. a3 Qc4 20. Qd2 Qb3 21. Qe2
Qb5 22. Qc2 Qa4 23. Qc3 Qc4 24. Qd2 Qb3 25. Qe2 Qb5 26. Qc2 Qa4 27. Qc3 1/2-1/2

[Event "TCh-FRA Top 12 2019"]
[Site "Brest FRA"]
[Date "2019.05.20"]
[Round "3.4"]
[Board "3"]
[White "Fressinet, Laurent"]
[Black "Kosten, Anthony C."]
[Result "1/2-1/2"]
[WhiteTitle "GM"]
[BlackTitle "GM"]
[WhiteElo "2640"]
[BlackElo "2419"]
[WhiteTeam "Bischwiller"]
[BlackTeam "C.E.M.C. Monaco"]
[WhiteFideId "608742"]
[BlackFideId "400114"]
[EventDate "2019.05.18"]

1. e4 e6 2. d4 d5 3. Nc3 Bb4 4. exd5 exd5 5. Bd3 Nf6 6. Bg5 O-O 7. Ne2 c6 8. h3
Nbd7 9. O-O Re8 10. Ng3 h6 11. Be3 Nb6 12. Qf3 Nc4 13. Bc1 Nd6 14. Bf4 Nde4 15.
a3 Bxc3 16. bxc3 Ng5 17. Bxg5 hxg5 18. Rfe1 g4 19. hxg4 Bxg4 20. Qf4 Qa5 21. Re5
Qxc3 22. Rf1 c5 23. f3 Bd7 24. Ne2 Qa5 25. Rg5 Re6 26. Ng3 g6 27. Bf5 Rc6 28.
Bxd7 Nxd7 29. Rxd5 Nf6 30. Rd6 Qb6 31. Nf5 gxf5 32. Qg5+ Kf8 33. Qh6+ Kg8 34.
Qg5+ Kf8 35. Qh6+ 1/2-1/2

[Event "TCh-FRA Top 12 2019"]
[Site "Brest FRA"]
[Date "2019.05.20"]
[Round "3.4"]
[Board "4"]
[White "Ribbegren, Karl Johan"]
[Black "Ragger, Markus"]
[Result "0-1"]
[BlackTitle "GM"]
[WhiteElo "2209"]
[BlackElo "2682"]
[WhiteTeam "C.E.M.C. Monaco"]
[BlackTeam "Bischwiller"]
[WhiteFideId "5400040"]
[BlackFideId "1610856"]
[EventDate "2019.05.18"]

1. c4 c5 2. g3 g6 3. Bg2 Bg7 4. e3 Nc6 5. Ne2 e5 6. Nbc3 Nge7 7. O-O O-O 8. a3
d6 9. b4 cxb4 10. axb4 Nxb4 11. Ba3 Nbc6 12. Nb5 Nf5 13. e4 a6 14. exf5 axb5 15.
cxb5 Ne7 16. fxg6 hxg6 17. Bb4 Rxa1 18. Qxa1 d5 19. Qa7 Re8 20. Rc1 Nf5 21. Qb8
e4 22. Bh3 Be5 23. Qa8 Bd7 24. Qxd8 Rxd8 25. Ba5 Ra8 26. Bxf5 gxf5 27. Bc3 Bxb5
28. Bxe5 Bxe2 29. Rc5 b5 30. f4 Bc4 31. g4 fxg4 32. f5 b4 33. Rc6 Kh7 34. Kf2
Ra3 35. Rc8 Rf3+ 36. Kg2 f6 37. Bxf6 Rxf5 38. Bd4 Rf3 39. Rc7+ Kh6 40. Rc6+ Kg5
41. Rc8 Bf1+ 42. Kg1 Bh3 43. Bf2 Kf5 44. Rb8 b3 45. Rb5 Ke6 46. Rb6+ Kd7 47.
Rb7+ Kc8 48. Rb4 Kc7 49. Bg3+ Kc6 50. Bf2 d4 51. Rxd4 b2 52. Rb4 Ra3 53. Rxb2
Ra1+ 54. Be1 Rxe1+ 55. Kf2 Rh1 56. Kg3 Kd5 0-1

[Event "TCh-FRA Top 12 2019"]
[Site "Brest FRA"]
[Date "2019.05.20"]
[Round "3.4"]
[Board "5"]
[White "Maze, Sebastien"]
[Black "Dornbusch, Tatiana"]
[Result "0-1"]
[WhiteTitle "GM"]
[BlackTitle "WGM"]
[WhiteElo "2579"]
[BlackElo "2285"]
[WhiteTeam "Bischwiller"]
[BlackTeam "C.E.M.C. Monaco"]
[WhiteFideId "613762"]
[BlackFideId "14107449"]
[EventDate "2019.05.18"]

1. c4 Nf6 2. Nc3 e5 3. Nf3 Nc6 4. e4 Bc5 5. Nxe5 Nxe5 6. d4 Bb4 7. dxe5 Nxe4 8.
Qf3 d5 9. Be2 Qe7 10. O-O Bxc3 11. bxc3 Qxe5 12. Bf4 Qxc3 13. Bd3 Bg4 14. Qxg4
Qxd3 15. Rad1 Qxc4 16. Be5 Nd6 17. Rd4 Qxa2 18. Bxg7 f5 19. Qh5+ Kd7 20. Bxh8
Rxh8 21. Qh6 Re8 22. Qxh7+ Re7 23. Qg8 c6 24. Rh4 Qe2 25. Rh8 Re8 26. Rh7+ Re7
27. h4 d4 28. Rxe7+ Qxe7 29. h5 Qf7 30. Qh8 Qe8 31. Qg7+ Qf7 32. h6 c5 33. Re1
d3 34. Qc3 c4 35. Qd4 a6 36. Re3 Kc6 37. Rh3 Qd5 38. Qxd5+ Kxd5 39. Kf1 Nf7 40.
h7 Kd4 41. Rf3 Kc3 42. Rxf5 d2 43. Ke2 Kc2 44. Rd5 c3 45. g4 a5 46. g5 Nh8 47.
f4 a4 48. f5 a3 49. g6 a2 50. g7 a1=Q 51. g8=Q d1=Q+ 52. Rxd1 Qxd1+ 53. Ke3 Qd3+
54. Kf4 Qd4+ 55. Kg5 Kb2 0-1

[Event "TCh-FRA Top 12 2019"]
[Site "Brest FRA"]
[Date "2019.05.20"]
[Round "3.4"]
[Board "6"]
[White "Leconte, Maria"]
[Black "Edouard, Romain"]
[Result "0-1"]
[WhiteTitle "WGM"]
[BlackTitle "GM"]
[WhiteElo "2246"]
[BlackElo "2642"]
[WhiteTeam "C.E.M.C. Monaco"]
[BlackTeam "Bischwiller"]
[WhiteFideId "618446"]
[BlackFideId "633429"]
[EventDate "2019.05.18"]

1. e4 c5 2. Nf3 d6 3. d4 cxd4 4. Nxd4 Nf6 5. Nc3 Nc6 6. Bc4 Qb6 7. Nb3 e6 8. Be3
Qc7 9. Be2 a6 10. a4 b6 11. O-O Bb7 12. f4 Be7 13. Bf3 O-O 14. Qe2 Nd7 15. Rad1
Nc5 16. Qf2 Rab8 17. Nd4 Bf6 18. Qg3 Nxd4 19. Bxd4 e5 20. Be3 Bc6 21. Ra1 exf4
22. Bxf4 Be5 23. Nd5 Bxd5 24. Bxe5 dxe5 25. exd5 f5 26. b4 Nb7 27. Be2 a5 28.
Bd3 Qc3 29. bxa5 bxa5 30. Rab1 Nd6 31. Kh1 Rbe8 32. Rb3 Qc5 33. c4 e4 34. Be2
Rb8 35. Rxb8 Rxb8 36. Qe5 Re8 37. Qc3 e3 38. Rf3 Ne4 39. Qxe3 Ng3+ 0-1

[Event "TCh-FRA Top 12 2019"]
[Site "Brest FRA"]
[Date "2019.05.20"]
[Round "3.4"]
[Board "7"]
[White "Sebag, Marie"]
[Black "Van Hoolandt, Patrick"]
[Result "1/2-1/2"]
[WhiteTitle "GM"]
[BlackTitle "FM"]
[WhiteElo "2476"]
[BlackElo "2127"]
[WhiteTeam "Bischwiller"]
[BlackTeam "C.E.M.C. Monaco"]
[WhiteFideId "617822"]
[BlackFideId "200999"]
[EventDate "2019.05.18"]

1. e4 e5 2. Nf3 Nc6 3. Bb5 Nf6 4. d3 Bc5 5. O-O Nd4 6. Nxd4 Bxd4 7. c3 Bb6 8.
Na3 c6 9. Ba4 d6 10. Bb3 Bg4 11. Qe1 O-O 12. Nc4 Bc7 13. Ne3 Be6 14. Qe2 Qd7 15.
Nc4 d5 16. exd5 Bxd5 17. Nxe5 Bxe5 18. Qxe5 Bxb3 19. axb3 Qxd3 20. Be3 Rfe8 21.
Qg3 a6 22. Rad1 Qc2 23. Bd4 Nh5 24. Qf3 Qg6 25. Bb6 Nf6 26. Rd6 Qg5 27. Bd4 Ne4
28. Rd7 Qg6 29. Be3 b5 30. b4 Qe6 31. Rfd1 h6 32. h3 a5 33. bxa5 Rxa5 34. Rd8
Ra8 35. Rxa8 Rxa8 36. Rd4 Nf6 37. Qd1 Nd5 38. Rd3 Re8 39. b3 Qe4 1/2-1/2

[Event "TCh-FRA Top 12 2019"]
[Site "Brest FRA"]
[Date "2019.05.20"]
[Round "3.5"]
[Board "2"]
[White "Oleksiyenko, Mykhaylo"]
[Black "Hamdouchi, Hicham"]
[Result "1-0"]
[WhiteTitle "GM"]
[BlackTitle "GM"]
[WhiteElo "2595"]
[BlackElo "2584"]
[WhiteTeam "Grasse Echecs"]
[BlackTeam "Clichy-Echecs-92"]
[WhiteFideId "4152417"]
[BlackFideId "9000011"]
[EventDate "2019.05.18"]

1. e4 c5 2. Nf3 d6 3. d4 cxd4 4. Nxd4 Nf6 5. Nc3 Nc6 6. f3 e5 7. Nb3 Be7 8. Be3
Be6 9. Nd5 Bxd5 10. exd5 Nb4 11. c4 a5 12. Qd2 b6 13. a3 Na6 14. Bd3 Nc5 15.
Nxc5 bxc5 16. O-O-O h5 17. Kb1 Rb8 18. Bc2 Qd7 19. Ka2 O-O 20. Rb1 a4 21. Rhg1
Qa7 22. Qd3 g6 23. g4 h4 24. g5 Nd7 25. Rg4 h3 26. Rh4 Kg7 27. Rh6 Rg8 28. Rg1
Kf8 29. Rxh3 Nb6 30. Bd2 Qa6 31. Rg4 Qb7 32. Bc3 Qd7 33. Rh7 Rg7 34. Rh6 Rg8 35.
h4 Ke8 36. Rh7 Bf8 37. Re4 Kd8 38. f4 Bg7 39. Qf3 1-0

[Event "TCh-FRA Top 12 2019"]
[Site "Brest FRA"]
[Date "2019.05.20"]
[Round "3.5"]
[Board "3"]
[White "Van Wely, Loek"]
[Black "Hera, Imre Jr."]
[Result "1/2-1/2"]
[WhiteTitle "GM"]
[BlackTitle "GM"]
[WhiteElo "2600"]
[BlackElo "2611"]
[WhiteTeam "Clichy-Echecs-92"]
[BlackTeam "Grasse Echecs"]
[WhiteFideId "1000268"]
[BlackFideId "716855"]
[EventDate "2019.05.18"]

1. c4 c5 2. Nf3 Nc6 3. d4 cxd4 4. Nxd4 Nf6 5. Nc3 e6 6. g3 Qb6 7. Ndb5 Ne5 8.
Bg2 a6 9. Qa4 Rb8 10. Na3 Be7 11. O-O O-O 12. Rd1 Bc5 13. e3 Bxa3 14. bxa3 Qc7
15. Qb4 Nxc4 16. a4 d5 17. e4 dxe4 18. Nxe4 Nxe4 19. Bxe4 e5 20. Bg5 Be6 21.
Rac1 f6 22. Be3 b5 23. axb5 axb5 24. Bc5 Rfd8 25. Rxd8+ Qxd8 26. a4 bxa4 27.
Qxa4 Nd2 28. Ba7 Rc8 29. Rxc8 Qxc8 30. Bc6 Kh8 31. h4 Nb3 32. Be4 Nd2 33. Bc6 h6
34. Be3 Nc4 35. Qa8 Qxa8 36. Bxa8 Kg8 37. Bc5 Nd2 38. Be3 Nb1 39. f4 Nc3 40. Bd2
Bd5 1/2-1/2